000 00713nam a22001577a 4500
005 20241203145424.0
008 230713b ||||| |||| 00| 0 eng d
040 _cSSBUL
082 _223
_a၃၂၀.၀၂ ကမ်
_b၁၆၀၅၉ S-SAT
245 _aကမ္ဘာ့နိုင်ငံရေးအတွေးအခေါ်များသမိုင်း ဒုတိယတွဲ /
260 _aရန်ကုန် ၊
_bစာပေဗိမာန်၊
_c၁၉၆၉။
300 _a၂၆၇ စာမျက်နှာ၊
_c၂၂ စင်တီ။
500 _aS-SAT: Dr. Sai Aung Tun Collection
650 _aနိုင်ငံရေးသိပ္ပံ။
_914945
942 _2ddc
_cBK1
999 _c27124
_d27124